000 00714ntaaa2200193 4500
003 01
005 20251027203233.0
008 0714s1973 ag 01
040 _aAR-BaBN
_bspa
_cAR-BaBN
_eaacr
_dRIC
082 _a253 D37
110 _aAsamblea Apotólica de la Fe en Cristo Jesús
_934764
245 _aLes daré pastores según mi corazón :
_bDiez ensayos teológicos por pastores apostólicos /
_cAsamblea Apotólica de la Fe en Cristo Jesús, editado por Ismael Martín del Campo
250 _a1ª ed.
260 _aCalifornia :
_bApostolic Assembly of the Faith in Christ Jesus,
_c2012
300 _a328 p.
650 _aPASTORAL
_93993
700 _aMartín del Campo, Ismael
_eeditor
_934765
942 _cBK
999 _c27842
_d27842